Organizačná kultúra a jej motivačný potenciál
Salvato in:
| Autore principale: | |
|---|---|
| Altri autori: | , , , |
| Natura: | Libro |
| Lingua: | slovacco |
| Pubblicazione: |
Bratislava
Ofprint JH
2020
|
| Edizione: | 1. vydanie |
| Soggetti: | |
| Tags: |
Nessun Tag, puoi essere il primo ad aggiungerne!!
|
MARC
| LEADER | 00000nam a2200000 4500 | ||
|---|---|---|---|
| 001 | 0269921 | ||
| 005 | 20240502074229.8 | ||
| 020 | |a 978-80-89037-59-9 | ||
| 041 | 0 | |a slo | |
| 044 | |a SK | ||
| 245 | 1 | 0 | |a Organizačná kultúra a jej motivačný potenciál |c Helena Šajgalíková - Lukáš Copuš ; odborne posúdili: Jozef Višňovský, Peter Madzík, Zuzana Papulová |
| 250 | |a 1. vydanie | ||
| 264 | 1 | |a Bratislava |b Ofprint JH |c 2020 | |
| 300 | |a 201 s. [11,32 AH] | ||
| 610 | 2 | 0 | |a kultúra podniková |
| 610 | 2 | 0 | |a kultúra |
| 610 | 2 | 0 | |a motivácia pracovná |
| 610 | 2 | 0 | |a socializácia |
| 610 | 2 | 0 | |a analýzy |
| 610 | 2 | 0 | |a podnik |
| 610 | 2 | 0 | |a Slovensko |
| 100 | 1 | |a Šajgalíková, Helena | |
| 700 | 1 | |a Copuš, Lukáš | |
| 700 | 1 | |a Višňovský, Jozef | |
| 700 | 1 | |a Madzík, Peter | |
| 700 | 1 | |a Papulová, Zuzana | |